000 00494nam a2200157 4500
001 145428
003 ES-MaACL
005 20230906201230.0
007 t|
008 070214s1970 xxk r ||||1| eng d
245 0 0 _aUnderwater acoustics /
_cedited by R. W. B. Stephens.
260 _aLondon ;
_aNew-York :
_bWiley-Interscience,
_c1970 (
_eDorking :
_fAdlar and son)
300 _aVII, 269 p. :
_bil. ;
_c24 cm.
700 1 _aStephens, R. W. B.
_9108109
852 _aES-MaACL
_jC-56363
_bR.88994
999 _c145428
_d145428